Túlačka po delte Dunaja

Bibliographic Details
Main Author: Turanec, Igor (Author)
Format: Article
Language:Slovak
PhysicalDescription:Fotogr., obr.
ISSN:0231-8768
Subjects:

MARC

LEADER 00000nab a2200000 a 4500
001 vtls009959564
003 SK-MaSNL
005 20260426102105.0
008 250506c2009 xo |||||||||||000 b|slo
015 |a SNBRB2009/10  |2 snkbucl 
035 |a (uuid)65ecfb7b-d801-4f34-a884-ce8cb2dc3e0a 
035 |a urn:nbn:sk:snk-abeudl 
035 |a (urnnbn)urn:nbn:sk:snk:ar-00724z 
038 |a SNKBUCL 
040 |a SNKBUCL  |b slo  |c SNKBUCL  |e AACR2 
041 0 |a slo 
044 |a xo  |c SK 
080 |a 639.2.081  |x (498)  |2 2001 
100 1 |a Turanec, Igor  |4 aut  |9 838754 
245 1 0 |a Túlačka po delte Dunaja  |c Igor Turanec 
300 |b Fotogr., obr. 
650 0 7 |a rybolov  |2 snkbucl  |9 2838 
651 7 |a Dunaj (rieka)  |2 snkbucl  |9 22602 
651 7 |a Rumunsko  |2 snkbucl  |9 17409 
773 0 |t Poľovníctvo a rybárstvo  |g Roč. 61, č. 10 (2009), s. 86-88  |x 0231-8768 
850 |a Slovenská národná knižnica 
852 |a Slovenská národná knižnica 
954 |a odborná, vedecká literatúra pôvodná (slovenská)  |2 lita 
958 |a article27 
958 |a OND 
958 |a EUIPO 
958 |a RO 
999 |c 3248813  |d 3250743